000 00329nam a2200157Ia 4500
100 _aZikanov
650 _aFluid dynamics
942 _cBK
366 _f20
654 _aFluid dynamics
245 _aEssential computational Fluid dynamics
260 _b#N/A
082 _bZIK
546 _aENGLISH
_cInfo.Tech
999 _c34621
_d34621